000 00493nmm a2200157Ia 4500
008 251105s9999||||xx |||||||||||||||||und||
020 _a9788425217005
041 _aspa
100 _aRoth, Leland M.
245 0 _aEntender la arquitectura :
_b Sus elementos, historia y significado
264 _a[Madrid, España] :
_bEditorial Gustavo Gili,
_c1999
300 _a634 páginas
650 _aArchitecture & Sculpture
856 _uhttps://public.digitaliapublishing.com/a/41268
942 _cCF
999 _c80222
_d80222